[Event "CHN-ch blitz (Women)"]
[Site "Tianjin"]
[Date "2018.06.07"]
[Round "3"]
[White "Qiu, Mengjie"]
[Black "Wang, Yu A"]
[Result "1/2-1/2"]
[WhiteElo "2242"]
[BlackElo "2328"]
[PlyCount "101"]
[EventDate "2018.06.07"]
[EventType "swiss (blitz)"]
[EventRounds "9"]
[EventCountry "CHN"]
[SourceTitle "CBM 184 Extra"]
[Source "ChessBase"]
[SourceDate "2018.06.28"]
[SourceVersion "1"]
[SourceVersionDate "2018.06.28"]
[SourceQuality "1"]

1. e4 e5 2. Nf3 Nc6 3. Bb5 a6 4. Ba4 Nf6 5. 0-0 Be7 6. Re1 b5 7. Bb3 0-0 8. d3 d6 9. a3 Na5 10. Ba2 c5 11. Nbd2 Be6 12. Bxe6 fxe6 13. Nf1 Qd7 14. b4 cxb4 15. axb4 Nc6 16. c3 Ne8 17. Be3 Nc7 18. N1d2 d5 19. Bg5 d4 20. Bxe7 Qxe7 21. Qb3 Rfc8 22. Rec1 Qd6 23. Rab1 Rab8 24. h3 h6 25. c4 bxc4 26. Nxc4 Qxb4 27. Qxb4 Rxb4 28. Nfxe5 Nxe5 29. Rxb4 Nxd3 30. Nb6 Rb8 31. Rxc7 Nxb4 32. Nd7 Rd8 33. Kf1 a5 34. Ke1 a4 35. Nc5 a3 36. Ra7 a2 37. Kd2 e5 38. Nd3 Nxd3 39. Kxd3 Rb8 40. Rxa2 Rb5 41. g3 Kf7 42. f4 Rb3+ 43. Kc4 Rxg3 44. fxe5 d3 45. Kd5 g5 46. e6+ Kf6 47. Rf2+ Ke7 48. Rf7+ Ke8 49. Rf2 Rxh3 50. Kd6 d2 51. Rxd2 1/2-1/2

[Event "CHN-ch rapid (Women)"]
[Site "Tianjin"]
[Date "2018.06.06"]
[Round "5"]
[White "Qiu, Mengjie"]
[Black "Huang, Qian"]
[Result "0-1"]
[WhiteElo "2242"]
[BlackElo "2449"]
[PlyCount "108"]
[EventDate "2018.06.06"]
[EventType "swiss (rapid)"]
[EventRounds "9"]
[EventCountry "CHN"]
[SourceTitle "CBM 184 Extra"]
[Source "ChessBase"]
[SourceDate "2018.06.28"]
[SourceVersion "1"]
[SourceVersionDate "2018.06.28"]
[SourceQuality "1"]

1. e4 d5 2. exd5 Qxd5 3. Nc3 Qd8 4. d4 g6 5. Nf3 Bg7 6. Bc4 Nf6 7. Ne5 0-0 8. 0-0 Nfd7 9. Bf4 c6 10. Bb3 Na6 11. Qe2 Nc7 12. Rad1 Nf6 13. h3 Nfd5 14. Nxd5 cxd5 15. c3 Be6 16. Nd3 b6 17. Nb4 Ne8 18. Qf3 Nf6 19. Be5 a5 20. Bxf6 exf6 21. Nd3 a4 22. Bc2 a3 23. bxa3 Rxa3 24. Nb4 Qd6 25. Bb3 Ra5 26. Rc1 Rc8 27. Rfe1 Bh6 28. Rc2 Bf5 29. Rce2 Be4 30. Rxe4 dxe4 31. Rxe4 Kg7 32. Re2 Ra7 33. Nd5 b5 34. Qd3 Rb8 35. Qf3 Bg5 36. Qe4 h5 37. Nb4 Rc8 38. Qd3 Re7 39. Nd5 Rxe2 40. Qxe2 Rb8 41. g3 h4 42. gxh4 Bxh4 43. Qg4 Rh8 44. Ne3 Bg5 45. Kg2 Bxe3 46. fxe3 Qc6+ 47. Kg3 Qxc3 48. Qe4 Qe1+ 49. Kg2 Qe2+ 50. Kg3 Qf1 51. Qg2 Qe1+ 52. Kf3 Re8 53. Qf2 Qh1+ 54. Kg3 Qe4 0-1

[Event "CHN-ch rapid (Women)"]
[Site "Tianjin"]
[Date "2018.06.06"]
[Round "3"]
[White "Qiu, Mengjie"]
[Black "Yuan, Ye"]
[Result "1-0"]
[WhiteElo "2242"]
[BlackElo "2159"]
[PlyCount "47"]
[EventDate "2018.06.06"]
[EventType "swiss (rapid)"]
[EventRounds "9"]
[EventCountry "CHN"]
[SourceTitle "CBM 184 Extra"]
[Source "ChessBase"]
[SourceDate "2018.06.28"]
[SourceVersion "1"]
[SourceVersionDate "2018.06.28"]
[SourceQuality "1"]

1. e4 c5 2. Nf3 e6 3. d4 cxd4 4. Nxd4 Nc6 5. Nc3 Qc7 6. Be2 a6 7. 0-0 Nf6 8. Be3 Bb4 9. Na4 Be7 10. c4 Nxe4 11. Bf3 Nf6 12. c5 Ne5 13. Nb6 Rb8 14. b4 0-0 15. Rc1 d6 16. Nb3 dxc5 17. bxc5 Bd7 18. Bf4 Nxf3+ 19. Qxf3 e5 20. Bg3 Rfe8 21. Rfe1 Bf8 22. Qc3 Qc6 23. Bxe5 Rbd8 24. Nd4 1-0

[Event "Asia-ch Universities (Women)"]
[Site "Tagaytay City"]
[Date "2018.05.31"]
[Round "7"]
[White "Gonzales, Alphecca"]
[Black "Qiu, Mengjie"]
[Result "1/2-1/2"]
[WhiteElo "1560"]
[BlackElo "2242"]
[PlyCount "84"]
[EventDate "2018.05.27"]
[EventType "swiss"]
[EventRounds "9"]
[EventCountry "PHI"]
[SourceTitle "CBM 184 Extra"]
[Source "ChessBase"]
[SourceDate "2018.06.28"]
[SourceVersion "1"]
[SourceVersionDate "2018.06.28"]
[SourceQuality "1"]

1. e4 c6 2. d4 d5 3. Nc3 dxe4 4. Nxe4 Bf5 5. Ng3 Bg6 6. h4 h6 7. Nf3 e6 8. Ne5 Bh7 9. Bd3 Bxd3 10. Qxd3 Nd7 11. Bf4 Nxe5 12. Bxe5 Qa5+ 13. c3 Nf6 14. Ne4 Be7 15. Nd2 0-0-0 16. Nc4 Qd5 17. Bxf6 Bxf6 18. Ne3 Qd7 19. 0-0-0 Qc7 20. Qe4 h5 21. Kb1 Rd7 22. Rd2 Rhd8 23. Rhd1 g6 24. g3 Bg7 25. f4 e5 26. d5 f5 27. Qg2 c5 28. Nc4 e4 29. d6 Qb8 30. Rd5 b6 31. Qf2 Kb7 32. Qd2 Bf8 33. Rxc5 bxc5 34. Qd5+ Kc8 35. Qc6+ Rc7 36. dxc7 Rxd1+ 37. Kc2 Qxc7 38. Qa8+ Qb8 39. Qc6+ Qc7 40. Qa8+ Qb8 41. Qc6+ Qc7 42. Qa8+ Qb8 1/2-1/2

[Event "Asia-ch Universities (Women)"]
[Site "Tagaytay City"]
[Date "2018.05.31"]
[Round "8"]
[White "Qiu, Mengjie"]
[Black "San Diego, Marie Antoinette"]
[Result "1-0"]
[WhiteElo "2242"]
[BlackElo "2096"]
[PlyCount "83"]
[EventDate "2018.05.27"]
[EventType "swiss"]
[EventRounds "9"]
[EventCountry "PHI"]
[SourceTitle "CBM 184 Extra"]
[Source "ChessBase"]
[SourceDate "2018.06.28"]
[SourceVersion "1"]
[SourceVersionDate "2018.06.28"]
[SourceQuality "1"]

1. e4 c5 2. Nf3 g6 3. c3 Bg7 4. d4 cxd4 5. cxd4 d5 6. e5 Nc6 7. h3 e6 8. Nc3 Nge7 9. Bb5 0-0 10. Bg5 h6 11. Be3 Bd7 12. 0-0 Na5 13. Bd3 Rc8 14. Qd2 Kh7 15. b3 Qb6 16. Rac1 a6 17. Nh2 Ng8 18. h4 Qd8 19. h5 Nc6 20. Ne2 Nce7 21. Rxc8 Qxc8 22. Rc1 Qb8 23. Nf4 Rc8 24. g4 Rxc1+ 25. Qxc1 Qc8 26. Qb1 Be8 27. Nf3 Bf8 28. Nh4 Kg7 29. hxg6 fxg6 30. Nhxg6 Nxg6 31. Bxg6 Qd7 32. Qc2 Qc6 33. Nh5+ Kh8 34. Qxc6 Bxc6 35. Bf7 Ne7 36. Bxe6 a5 37. f4 a4 38. bxa4 Bxa4 39. f5 Bc6 40. Nf4 Be8 41. f6 Ng6 42. f7 1-0